00317nam a2200145Ia 45000030006000000050017000060080041000230400009000640410012000730820017000851000008001022450039001102600014001493000008001630Nust20170105110255.0161124s9999 xx 000 0 und d cIGIS aEnglish a910.404bESR aESR aArc GIS 9 Geoprocessing in Arc GIS aUSAc2004 a363